000
00316nam a2200109Ia 4500
008
171211s9999 xx 000 0 und d
245
_a
Manly Art: They Can Run—But They Can't Hide
245
_c
George Kimball
260
_c
2011
650
_x
Martial Arts
856
_u
http://down.ebook777.com/053/9781590135716.pdf
999
_c
348256
_d
348256